[Event "QA-ANNIV-06"]
[Site "http://www.queenalice.com/game.php?id=966929"]
[Date "2011.7.31"]
[Round "5"]
[White "maurice91"]
[Black "ButchCassidy"]
[Result "1-0"]
[WhiteElo "1852"]
[BlackElo "1714"]

1. d4 d5 2. c4 c6 3. Nc3 Nf6 4. Bf4 Bf5 5. cxd5 cxd5 6. Nf3 e6 7. e3 Bb4 8. Be2
h6 9. O-O O-O 10. Nb5 Ba5 11. Nd6 Qb6 12. Nxf5 exf5 13. Qc2 Nc6 14. Qxf5 Ne4 15.
Qxd5 Nf6 16. Qb5 Nb4 17. a3 Nc2 18. Rac1 Rac8 19. b4 Nxa3 20. Qxa5 Qxa5 21. bxa5
Ne4 22. Bd3 Nc3 23. Bd6 1-0

[Event "Challenge"]
[Site "http://www.queenalice.com/game.php?id=1024401"]
[Date "2012.2.1"]
[Round "-"]
[White "cardosorafael"]
[Black "ButchCassidy"]
[Result "1-0"]
[WhiteElo "1948"]
[BlackElo "1696"]

1. e4 e5 2. Nf3 d6 3. d4 Bg4 4. dxe5 Bxf3 5. Qxf3 dxe5 6. Bc4 Nf6 7. O-O Be7 8.
Rd1 Nbd7 9. Nc3 O-O 10. Bg5 h6 11. Bxf6 Bxf6 12. Qf5 Qe8 13. Rxd7 Rc8 14. Rad1
Rd8 15. Rxc7 Rxd1+ 16. Nxd1 Qd8 17. Rd7 Qa5 18. g3 b5 19. Bb3 Rd8 20. Rxd8+ Qxd8
21. Ne3 Qd2 22. Ng4 1-0

[Event "Challenge"]
[Site "http://www.queenalice.com/game.php?id=1024403"]
[Date "2012.2.1"]
[Round "-"]
[White "ButchCassidy"]
[Black "cardosorafael"]
[Result "0-1"]
[WhiteElo "1726"]
[BlackElo "1974"]

1. e4 e5 2. Nf3 Nc6 3. Bc4 Nf6 4. d3 Be7 5. O-O O-O 6. h3 d5 7. exd5 Nxd5 8.
Bxd5 Qxd5 9. c4 Qd8 10. Re1 f6 11. Nc3 Bb4 12. Qc2 Bf5 13. Re3 Bc5 14. Re1 Bxd3
15. Qb3 Qc8 16. Nd5 Bg6 17. Be3 Bxe3 18. Rxe3 Bf7 19. Rd1 Bxd5 20. Rxd5 Ne7 21.
Rb5 b6 22. c5+ Kh8 23. cxb6 cxb6 24. Nh4 Qc1+ 25. Kh2 Rac8 26. Qb4 Qc4 27. Qxe7
Qxh4 28. Rd5 Qf4+ 29. Rg3 Rg8 30. Qxa7 h5 31. Rd7 h4 32. Rxg7 hxg3+ 33. fxg3
Rxg7 34. Qxg7+ Kxg7 35. gxf4 exf4 0-1

[Event "Challenge"]
[Site "http://www.queenalice.com/game.php?id=1033190"]
[Date "2012.2.26"]
[Round "-"]
[White "Sinergia"]
[Black "ButchCassidy"]
[Result "0-1"]
[WhiteElo "1687"]
[BlackElo "1690"]

1. Nf3 Nc6 2. c3 d5 3. g3 Bg4 4. Bg2 Nf6 5. d3 e5 6. Bg5 h6 7. Bxf6 Qxf6 8. Nbd2
Bd6 9. e4 dxe4 10. Nxe4 Qe6 11. Nxd6+ cxd6 12. O-O O-O 13. Qd2 f5 14. h3 Bxf3
15. Bxf3 f4 16. g4 Ne7 17. Bxb7 Rab8 18. Bf3 Ng6 19. c4 Nh4 20. Bd5 Qxd5 21.
cxd5 Nf3+ 22. Kg2 Nxd2 23. Rfd1 Rxb2 0-1

[Event "Challenge"]
[Site "http://www.queenalice.com/game.php?id=1065372"]
[Date "2012.5.29"]
[Round "-"]
[White "ButchCassidy"]
[Black "plot24"]
[Result "1-0"]
[WhiteElo "1706"]
[BlackElo "1795"]

1. e4 e5 2. Nf3 Nc6 3. Bc4 d6 4. h3 Be7 5. O-O Nf6 6. d3 O-O 7. Nc3 a6 8. a4 Be6
9. b3 Qd7 10. Re1 h6 11. Nd5 Bd8 12. d4 Rb8 13. Nxf6+ Bxf6 14. d5 Bxh3 15. dxc6
Qg4 16. g3 bxc6 17. Bxa6 d5 18. Be2 Qxe4 19. Bf1 1-0

[Event "Challenge"]
[Site "http://www.queenalice.com/game.php?id=1087404"]
[Date "2012.7.27"]
[Round "-"]
[White "cardosorafael"]
[Black "ButchCassidy"]
[Result "0-1"]
[WhiteElo "1953"]
[BlackElo "1693"]

1. e4 e5 2. Nf3 Nc6 3. Bb5 Nf6 4. O-O d6 5. Re1 Be7 6. h3 O-O 7. c3 a6 8. Ba4
Na5 9. d4 Nc4 10. Bc2 b5 11. b3 Nb6 12. dxe5 dxe5 13. Qxd8 Rxd8 14. Nxe5 Bb7 15.
Bf4 Re8 16. Nd2 Bd6 17. Nxf7 Bxf4 18. Nf3 Bxe4 19. Bxe4 Nxe4 20. g3 Bd2 21. Nxd2
Nxd2 22. Ng5 Nd5 23. Rad1 Rxe1+ 24. Rxe1 Nxc3 25. Re7 c5 26. Ne6 Nxa2 27. Rxg7+
Kh8 28. Rc7 Nc1 29. Nxc5 Ncxb3 30. Nd3 a5 31. Rb7 b4 32. Nxb4 axb4 33. Rxb4 Nf3+
34. Kg2 Nbd2 35. h4 Ra1 36. Rb2 Rg1+ 37. Kh3 h5 38. Rb5 Rh1+ 39. Kg2 Rh2# 0-1

[Event "AUTO-ADV-2974"]
[Site "http://www.queenalice.com/game.php?id=1222687"]
[Date "2013.10.7"]
[Round "1"]
[White "ButchCassidy"]
[Black "gomestrovao"]
[Result "1-0"]
[WhiteElo "1664"]
[BlackElo "1826"]

1. e4 e5 2. Nf3 Nc6 3. Bc4 h6 4. O-O Nf6 5. d3 Bc5 6. c3 O-O 7. Re1 Re8 8. d4
exd4 9. cxd4 Bb4 10. Bd2 Bxd2 11. Nbxd2 d6 12. d5 Ne5 13. b3 Bg4 14. h3 Bxf3 15.
Nxf3 Nxc4 16. bxc4 Nxe4 17. Qd4 Nc5 18. Rxe8+ Qxe8 19. Re1 Qa4 20. Re2 b5 21.
Re7 Qa5 22. cxb5 Qxb5 23. Rxc7 Qb1+ 24. Kh2 Qxa2 25. Nh4 Nb3 26. Qf4 Rf8 27. Nf5
Qd2 28. Qg3 g6 29. Nxh6+ Qxh6 30. Qxb3 Qg5 31. Rxa7 Re8 32. Rd7 Qe5+ 33. g3 Qe2
34. Qb6 Qe1 35. Rxd6 Re2 36. Rf6 Qa1 37. Qd8+ Kg7 38. Rf4 g5 39. Qxg5+ Kf8 40.
d6 Qa7 41. Qd8+ Re8 42. Qf6 Re2 43. Qh8# 1-0

[Event "AUTO-ADV-2974"]
[Site "http://www.queenalice.com/game.php?id=1222688"]
[Date "2013.10.7"]
[Round "1"]
[White "gomestrovao"]
[Black "ButchCassidy"]
[Result "1-0"]
[WhiteElo "1778"]
[BlackElo "1676"]

1. e4 e5 2. Bc4 Nf6 3. Nc3 Bc5 4. h3 O-O 5. Nf3 h6 6. Nxe5 Qe7 7. d4 d6 8. dxc5
Qxe5 9. Qf3 Qxc5 10. Bd3 Re8 11. O-O Nc6 12. Bb5 Bd7 13. Be3 Qb4 14. Rab1 a6 15.
Bxc6 Bxc6 16. Rfe1 Nxe4 17. Qf4 Qc4 18. a3 Qe6 19. Bd4 f5 20. f3 Qg6 21. fxe4
fxe4 22. Re2 Rf8 23. Qh2 Rae8 24. Rbe1 d5 25. Qxc7 Rf3 26. Kh1 Rg3 27. Kh2 Rf8
28. Qxg3 1-0

[Event "AUTO-ADV-2974"]
[Site "http://www.queenalice.com/game.php?id=1222689"]
[Date "2013.10.7"]
[Round "1"]
[White "ButchCassidy"]
[Black "Spessatto"]
[Result "0-1"]
[WhiteElo "1709"]
[BlackElo "1846"]

1. e4 e5 2. Nf3 Nc6 3. Bc4 Bc5 4. O-O h6 5. d3 Nf6 6. Nc3 a6 7. Re1 d6 8. h3 O-O
9. a3 Ne7 10. b4 Ba7 11. Be3 Ng6 12. Nd5 Nxd5 13. Bxd5 c6 14. Bb3 Qf6 15. c4 Nf4
16. d4 Qg6 17. Nh4 Qf6 18. Bxf4 exf4 19. Nf3 Qg6 20. Nh4 Qg5 21. Nf3 Qg6 22. Nh4
Qg5 23. Nf5 g6 24. Nxd6 Bxh3 25. g3 Bg4 26. f3 Bh3 27. g4 Qh4 28. Re2 Qg3+ 29.
Kh1 Qxf3+ 30. Kg1 Bxd4+ 0-1

[Event "AUTO-ADV-2974"]
[Site "http://www.queenalice.com/game.php?id=1222691"]
[Date "2013.10.7"]
[Round "1"]
[White "ButchCassidy"]
[Black "yasseryack"]
[Result "0-1"]
[WhiteElo "1698"]
[BlackElo "1834"]

1. e4 c5 2. Bc4 g6 3. d3 Bg7 4. Nf3 Nc6 5. O-O Nf6 6. Nc3 O-O 7. Re1 Nh5 8. Ng5
Ne5 9. Be3 Nxc4 10. dxc4 Bxc3 11. bxc3 Qc7 12. g3 Qe5 13. f4 Qxc3 14. Bxc5 d6
15. Bd4 Qxc4 16. f5 e6 17. fxg6 fxg6 18. g4 Nf4 19. c3 h6 20. Nf3 e5 21. Be3
Nh3+ 22. Kg2 Bxg4 23. Qxd6 Qxe4 0-1

[Event "AUTO-ADV-2974"]
[Site "http://www.queenalice.com/game.php?id=1222692"]
[Date "2013.10.7"]
[Round "1"]
[White "yasseryack"]
[Black "ButchCassidy"]
[Result "1-0"]
[WhiteElo "1824"]
[BlackElo "1687"]

1. e4 e5 2. Bc4 Nf6 3. d3 Bc5 4. c3 O-O 5. Nf3 d6 6. h3 h6 7. O-O Nc6 8. b4 Bb6
9. a4 a6 10. a5 Ba7 11. b5 axb5 12. Bxb5 Bc5 13. Nbd2 Nxa5 14. Nb3 b6 15. Nxc5
dxc5 16. Nxe5 Be6 17. Rxa5 bxa5 18. Be3 Qd6 19. Bf4 Nh5 20. Qxh5 Rfd8 21. Qh4 f6
22. Nc6 Qd7 23. Nxd8 Qxd8 24. Qg3 Ra7 25. Bxh6 g5 26. e5 1-0

[Event "AUTO-ADV-3044"]
[Site "http://www.queenalice.com/game.php?id=1245490"]
[Date "2014.1.5"]
[Round "1"]
[White "ButchCassidy"]
[Black "joao"]
[Result "0-1"]
[WhiteElo "1668"]
[BlackElo "1976"]

1. e4 e5 2. Nf3 Nc6 3. Bc4 Nf6 4. d3 h6 5. O-O Bc5 6. h3 d6 7. Nc3 a6 8. a3 O-O
9. Be3 Bxe3 10. fxe3 Be6 11. Nd5 Na5 12. Nxf6+ Qxf6 13. Bxe6 Qxe6 14. d4 exd4
15. exd4 Qxe4 16. d5 Nc4 17. b3 Ne3 18. Qe2 Rae8 19. Rf2 Qxd5 20. Qd3 Qxd3 21.
cxd3 Re7 22. Nd4 Rfe8 23. Nf5 Nxf5 24. Rxf5 Re1+ 25. Rxe1 Rxe1+ 26. Kf2 Rb1 27.
b4 Rb3 28. Rf3 Rxa3 0-1

[Event "AUTO-ADV-3044"]
[Site "http://www.queenalice.com/game.php?id=1245491"]
[Date "2014.1.5"]
[Round "1"]
[White "joao"]
[Black "ButchCassidy"]
[Result "1-0"]
[WhiteElo "1922"]
[BlackElo "1674"]

1. d4 d5 2. c4 c6 3. cxd5 cxd5 4. Nf3 Bg4 5. h3 Bxf3 6. exf3 a6 7. Nc3 h6 8.
Qa4+ b5 9. Nxb5 Qd7 10. Nc7+ Kd8 11. Qxd7+ Kxd7 12. Nxa8 e6 13. Bd2 Nf6 14. Rc1
Bd6 15. Nb6+ Ke7 16. Nc8+ Kd7 17. Nxd6 Kxd6 18. Bb4+ Kd7 19. Be2 Nc6 20. Ba3 Rb8
21. Bxa6 Nxd4 22. O-O Ne2+ 23. Bxe2 1-0

[Event "AUTO-ADV-3044"]
[Site "http://www.queenalice.com/game.php?id=1245492"]
[Date "2014.1.5"]
[Round "1"]
[White "ButchCassidy"]
[Black "charles"]
[Result "0-1"]
[WhiteElo "1664"]
[BlackElo "1908"]

1. e4 e5 2. Nf3 Nc6 3. Bc4 Bc5 4. O-O Nf6 5. d3 O-O 6. Bg5 Be7 7. Nc3 a6 8. Re1
d6 9. h3 b5 10. Bd5 Nxd5 11. exd5 Bxg5 12. dxc6 Be6 13. Ne4 Bf6 14. c3 Bd5 15.
d4 exd4 16. Nxd4 Bxd4 17. Qxd4 Bxc6 18. Re3 f5 19. Rg3 Qe7 20. Ng5 Bd7 21. f4 h6
22. Nf3 c5 23. Qd2 Rae8 24. Re1 Qf7 25. Qxd6 Rxe1+ 26. Nxe1 Re8 27. Nf3 Re6 0-1

[Event "AUTO-ADV-3044"]
[Site "http://www.queenalice.com/game.php?id=1245493"]
[Date "2014.1.5"]
[Round "1"]
[White "charles"]
[Black "ButchCassidy"]
[Result "1-0"]
[WhiteElo "1914"]
[BlackElo "1658"]

1. e4 e5 2. Nf3 Nc6 3. Nc3 Nf6 4. Bc4 h6 5. O-O Bc5 6. h3 O-O 7. d3 d6 8. a3 Be6
9. Bxe6 fxe6 10. Ne2 d5 11. exd5 exd5 12. Ng3 e4 13. Nh4 Qe7 14. Ng6 Qd6 15.
Nxf8 Rxf8 16. Be3 Bxe3 17. fxe3 Qxg3 18. Qe2 Ne5 19. Kh1 g5 20. d4 Neg4 21. hxg4
Nxg4 22. Rxf8+ Kg7 23. Qxg4 Qxg4 24. Raf1 Kg6 25. R1f6+ Kh5 26. Rh8 Qh4+ 27. Kg1
1-0

[Event "AUTO-ADV-3044"]
[Site "http://www.queenalice.com/game.php?id=1245494"]
[Date "2014.1.5"]
[Round "1"]
[White "ButchCassidy"]
[Black "guy92"]
[Result "0-1"]
[WhiteElo "1686"]
[BlackElo "1931"]

1. e4 c5 2. Bc4 e6 3. Nc3 Nc6 4. d3 d6 5. Nf3 Nf6 6. a4 Be7 7. O-O h6 8. Re1 O-O
9. h3 Nd4 10. Bf4 e5 11. Bg3 Qb6 12. Nxd4 cxd4 13. Nb5 a6 14. a5 Qd8 15. Na3
Qxa5 16. Nb5 Qb6 17. Qc1 Bxh3 18. gxh3 axb5 19. Rxa8 Rxa8 20. Bd5 Nxd5 21. exd5
Bf6 22. c3 dxc3 23. bxc3 Rc8 24. Qa3 Qc5 25. Qb3 Qxc3 26. Qxb5 Qxe1+ 27. Kg2 Rc1
28. Qe8+ Kh7 29. Qxf7 Qh1# 0-1

[Event "AUTO-ADV-3044"]
[Site "http://www.queenalice.com/game.php?id=1245495"]
[Date "2014.1.5"]
[Round "1"]
[White "guy92"]
[Black "ButchCassidy"]
[Result "1-0"]
[WhiteElo "1937"]
[BlackElo "1680"]

1. d4 d5 2. c4 c6 3. cxd5 cxd5 4. Nc3 Nf6 5. Nf3 h6 6. Bf4 Nc6 7. e3 Bg4 8. Bb5
e6 9. h3 Bxf3 10. Qxf3 Bb4 11. O-O O-O 12. Bd3 a6 13. Na4 Qa5 14. b3 b5 15. Nb2
Bc3 16. Rfb1 Nb4 17. a3 Nxd3 18. Nxd3 Bxa1 19. Rxa1 Qc3 20. Qd1 Ne4 21. Rc1 Qa5
22. a4 bxa4 23. bxa4 Nc3 24. Qd2 Rfc8 25. Nc5 Rxc5 26. dxc5 Qxc5 27. Rxc3 Qb6
28. Qc2 f6 29. Qg6 Kf8 30. Rc7 1-0